000 00520nam a2200193Ia 4500
003 OSt
005 20220925233038.0
006 a|||||r|||| 00| 0
007 ta
008 220923b |||||||| |||| 00| 0 eng d
037 _cGeneral Book
040 _aRTL
_cRTL
_beng
041 _2eng
_aeng
082 _aHn(2),N89, M9.2
245 0 _aIndian Minerals year book 1989.
260 _aNagpur
_bIndia Bureau of hines India
_c1989
942 _hHn(2),N89, M9.2
_cGB
_2CC
999 _c592760
_d592760